All Cities in Liechtenstein - Statistics

General Stats
  • This quiz has been taken 19 times
  • The average score is 6 of 13
Answer Stats
Answer Population % Correct
Vaduz 5,197
100%
Schaan 5,748
69%
Triesen 4,701
54%
Balzers 4,447
46%
Mauren 3,626
46%
Triesenberg 2,689
46%
Eschen 4,008
38%
Ruggell 1,862
38%
Gamprin 1,268
31%
Planken 377
31%
Schellenberg 1,004
31%
Malbun 50
23%
Steg 50
23%
No matching quizzes found
Score Distribution
Percent of People with Each Score
Percentile by Number Answered
Your Score History
You have not taken this quiz